<?xml version="1.0" encoding="UTF-8"?>
<record
    xmlns:xsi="http://www.w3.org/2001/XMLSchema-instance"
    xsi:schemaLocation="http://www.loc.gov/MARC21/slim http://www.loc.gov/standards/marcxml/schema/MARC21slim.xsd"
    xmlns="http://www.loc.gov/MARC21/slim">

  <leader>02661agaaa2200325   4500</leader>
  <controlfield tag="001">6128</controlfield>
  <controlfield tag="003">IT-RoPAU</controlfield>
  <controlfield tag="005">20220918181223.0</controlfield>
  <controlfield tag="007">d cvaizq</controlfield>
  <controlfield tag="008">50131s9999||||xx ||| |     ||   ||und||</controlfield>
  <datafield tag="040" ind1=" " ind2=" ">
    <subfield code="a">IT-RoPAU</subfield>
    <subfield code="c">IT-RoPAU</subfield>
  </datafield>
  <datafield tag="041" ind1=" " ind2=" ">
    <subfield code="a">ITALIANO</subfield>
  </datafield>
  <datafield tag="100" ind1=" " ind2=" ">
    <subfield code="a">Angeli Ivan</subfield>
    <subfield code="g">Codice regista SPICS: 11291</subfield>
    <subfield code="9">36734</subfield>
  </datafield>
  <datafield tag="130" ind1=" " ind2=" ">
    <subfield code="a">DON MILANI</subfield>
    <subfield code="9">36735</subfield>
  </datafield>
  <datafield tag="245" ind1=" " ind2=" ">
    <subfield code="a">DON MILANI</subfield>
    <subfield code="c">Prodotto da: Paolinelli Bruno -- Sceneggiatura: Angeli I. Paolinelli B. Capponi P.P. -- Diretto da: Angeli Ivan</subfield>
    <subfield code="p">DON MILANI (Rif. Codice opera principale : 26128)</subfield>
  </datafield>
  <datafield tag="250" ind1=" " ind2=" ">
    <subfield code="a">Edizione Standard</subfield>
  </datafield>
  <datafield tag="260" ind1=" " ind2=" ">
    <subfield code="a">(ITALIA)</subfield>
    <subfield code="b">SABA CINEMATOGRAFICA / Distribuzione: RAI</subfield>
    <subfield code="g">"1976 (1&#xB0; ed.: 1984 ; Ed. Lingua Orig.: 1976)"</subfield>
  </datafield>
  <datafield tag="300" ind1=" " ind2=" ">
    <subfield code="a">VHS</subfield>
    <subfield code="b">sonoro, col.</subfield>
    <subfield code="c">95 minuti</subfield>
  </datafield>
  <datafield tag="508" ind1=" " ind2=" ">
    <subfield code="a">"Fotografia: D'Ettore Piazzoli Ro; Montaggio: Verdecchi Vincenzo; Musica: Alessandroni Alessandro; Sceneggiatura: Angeli I. Paolinelli B. Capponi P.P.; Scenografia: Patrono Carmelo; Soggetto: Angeli Ivan -- Paolinelli Bruno"</subfield>
  </datafield>
  <datafield tag="511" ind1=" " ind2=" ">
    <subfield code="a">"Torricella Edoardo; Gora Claudio; Berti Marina; Pinciroli Renato; Giordano Mariange"</subfield>
  </datafield>
  <datafield tag="520" ind1=" " ind2=" ">
    <subfield code="a">LORENZO MILANI NATO NEL LUGLIO DEL 1923 DA MADRE EBREA BATTEZZATO PER TIMORE DI RAPPRESAGLIE RAZZISTE VIENE ORDINATO SACERDOTE NELL'OTTOBRE 1947 E MANDATO ALLA PARROCCHIA DI SAN DONATO A CALENZANO PICCOLO BORGO ALLE PORTE DIPRATO COME COADIUTORE DELL'ANZIANO DON PUGI LE SUE IDEE I SUOI ATTEGGIAMENTI LA COLLABORAZIONE AD ADESSO DI DON MAZZOARI IL TIPO DI SCUOLA CHE INAUGURA GLI INTERVENTI A FAVORE DEGLI OPERAI IN GENERE E DI QUELLI GIOVANISSIMI IN PARTICOLARE IL LIBRO ESPERIENZE PASTOLARI LE PREDICHE IN OCCASIONE DELLEELEZIONI AMMINISTRATIVE DEL 1951 INDUCONO CERTI BORGHESI A DENUNCIARLO PRESSO LA CURIA MANDATO A BANBIANA NEL MUGELLO PICCOLISSIMA E SPROVVEDUTA PARROCCHIA DON LORENZO VI APRE UNA SCUOLA DI RECUPERO CONTINUA NELLA PROPRIA LINEA DI CONDOTTA CURA UN NUOVO LIBRO LETTERA A UNA PROFESSORESSA PER UNA LETTERA AI CAPPELLANI MILITARI DI TOSCANA VIENE DENUNCIATO PROCESSATO E ASSOLTO DAL TRIBUNALE DI ROMA NEL FEBBRAIO 1966 MORTO DI LEUCEMIA MIELITICA NEL 1967 PER RICORSO IN APPELLO DEL PUBBLICO MINISTERO VIENE CONDANNATO NEL 1968FILM BIOGRAFICO VITA DI DON MILANI</subfield>
  </datafield>
  <datafield tag="538" ind1=" " ind2=" ">
    <subfield code="a">PAL, STEREO</subfield>
  </datafield>
  <datafield tag="546" ind1=" " ind2=" ">
    <subfield code="a">ITALIANO</subfield>
  </datafield>
  <datafield tag="650" ind1=" " ind2=" ">
    <subfield code="a">BIOGRAFICO</subfield>
    <subfield code="e">FILMS [VHS]</subfield>
    <subfield code="x">Codice MATERIA SPICS: 9960</subfield>
    <subfield code="9">36736</subfield>
  </datafield>
  <datafield tag="700" ind1=" " ind2=" ">
    <subfield code="a">Alessandroni Alessandro</subfield>
    <subfield code="e">(musica)</subfield>
    <subfield code="g">Codice Musica SPICS: 13760</subfield>
    <subfield code="9">36737</subfield>
  </datafield>
  <datafield tag="700" ind1=" " ind2=" ">
    <subfield code="a">Angeli Ivan </subfield>
    <subfield code="e">(regista)</subfield>
    <subfield code="g">Codice regista SPICS: 11291</subfield>
    <subfield code="9">36738</subfield>
  </datafield>
  <datafield tag="700" ind1=" " ind2=" ">
    <subfield code="a">Angeli Ivan </subfield>
    <subfield code="e">(soggetto)</subfield>
    <subfield code="g">Codice Soggetto SPICS: 11291</subfield>
    <subfield code="9">36739</subfield>
  </datafield>
  <datafield tag="700" ind1=" " ind2=" ">
    <subfield code="a">Paolinelli Bruno </subfield>
    <subfield code="e">(soggetto)</subfield>
    <subfield code="g">Codice Soggetto 2&#xB0; SPICS: 30482</subfield>
    <subfield code="9">36740</subfield>
  </datafield>
  <datafield tag="942" ind1=" " ind2=" ">
    <subfield code="c">VH</subfield>
    <subfield code="2">ddc</subfield>
  </datafield>
  <datafield tag="999" ind1=" " ind2=" ">
    <subfield code="c">104621</subfield>
    <subfield code="d">104621</subfield>
  </datafield>
  <datafield tag="952" ind1=" " ind2=" ">
    <subfield code="0">0</subfield>
    <subfield code="1">0</subfield>
    <subfield code="4">0</subfield>
    <subfield code="6">26128_000000000000000</subfield>
    <subfield code="7">1</subfield>
    <subfield code="a">SPICS</subfield>
    <subfield code="b">SPICS</subfield>
    <subfield code="d">2015-01-31</subfield>
    <subfield code="l">0</subfield>
    <subfield code="o">26128</subfield>
    <subfield code="r">2015-01-31 00:00:00</subfield>
    <subfield code="w">2015-01-31</subfield>
    <subfield code="y">VH</subfield>
    <subfield code="z">Progr. Ins.: 1544 / N.Vol.:1 / Copie: 1 / Pag.: / Copia rara: NO / date import: 1.2.2015 / By Epidotti, Trombetti, Vaglietti</subfield>
  </datafield>
</record>
